| 000 | 01015nam a22002177a 4500 | ||
|---|---|---|---|
| 999 |
_c19318 _d19318 |
||
| 003 | AR-CdUCM | ||
| 008 | 190517b ||||| |||| 00| 0 spa d | ||
| 040 |
_aMUNICIPALIDAD PROVINCIAL DEL CUSCO _cBIBLIOTECA MUNICIPAL DEL CUSCO |
||
| 082 |
_a634.31 / _bP84 |
||
| 100 |
_aPratt, Robert M. _940589 |
||
| 245 |
_aGuía de Florida sobre insectos, enfermedades : _by trastornos de la nutrición en los frutos cítricos en color / |
||
| 260 |
_aMéxico D. F. : _bCentro Regional de Ayuda Técnica, Agencia para el Desarrollo Internacional, _c1970. |
||
| 300 |
_a198 páginas ; _bilustraciones, _c22.5 cm. |
||
| 505 | _aContenido: Ácaros -- Chinches harinosas -- Escamas sin armadura -- Escamas con armadura -- Insectos diversos -- Trastornos de la nutrición -- Enfermedades por marchitez ... | ||
| 650 |
_aFrutales cítricos _940590 |
||
| 650 |
_aEnfermedades y plagas _921226 |
||
| 650 |
_aFlorida _940591 |
||
| 710 |
_aCentro Regional de Ayuda Técnica. _910048 |
||
| 942 |
_2ddc _cLIBROS |
||
| 945 |
_aachl _d2019-05-17 |
||